|
|
|
|
| LEADER |
00000cam a2200000 7i4500 |
| 001 |
0000008277 |
| 002 |
000009023 |
| 005 |
20071008.0 |
| 020 |
|
|
|a 0721416926
|
| 090 |
0 |
0 |
|a JF
|b FAV
|
| 245 |
0 |
0 |
|a Cinderella
|
| 260 |
|
|
|a USA :
|b Ladybird Books LTD ,
|c 1994
|
| 300 |
|
|
|a p.v :
|b ill ;
|c 17cm.
|
| 650 |
0 |
0 |
|a Children's stories
|
| 999 |
|
|
|a 052331
|b BUKU
|c PINJAMAN
|e PERPUSTAKAAN KOMUNITI PETALING JAYA
|
| 999 |
|
|
|a 052332
|b BUKU
|c PINJAMAN
|e PERPUSTAKAAN KOMUNITI PETALING JAYA
|
| 999 |
|
|
|a 055598
|b BUKU
|c PINJAMAN
|e PERPUSTAKAAN KOMUNITI CAW KOTA DAMANSARA
|
| 999 |
|
|
|a 055599
|b BUKU
|c PINJAMAN
|e PERPUSTAKAAN KOMUNITI CAW BANDAR UTAMA
|